000 00602nam a2200277Ia 4500
005 20260401122138.0
008 008 250103s9999 xx 000 0 eng d
020 _a415910013
037 _aTB
040 _aEDL
040 _beng
040 _cEDL
041 _2eng
041 _aeng
084 _a306 LAN
084 _qEDL
245 0 _aSpivak Reader: Selected Works of Gayatri Chakravorty Spivak
260 _aNew York
260 _bRoutledge
260 _c1996
300 _a334p
942 _cTB
942 _h306 LAN
999 _c1845234
_d1845234